00404 2200169 4500245005200000020002200052250001100074100001300085700001400098650001900112005001900131260003200150041001400182084000800196300002100204336000900225 aAda Apa dengan Terumbu Karang ?cTim PPLHhText a978-602-8179-37-9 aCet. 1 aTim PPLH aM. Sofyan aTerumbu Karang a20230307110749 aJakartabRizky Grafisc2008 aIndonesia a563 a38 hlm. :cilus. atext